000 01236nam a22003617a 4500
003 CHAP
005 20220329135222.0
008 971013s1971 r 00010 d
010 _a32824
011 _a33796
035 _a37912
040 _cCHAP
090 _aTesis
100 0 0 _aLópez Morales, Fidel.
_968146
245 _aAplicación del método de selección masal en sorgo forrajero (Sorghum vulhgare Pers.) variedad Honey
260 _a(Monterrey, N.L. :
_bEl autor,
_c1971
300 _a65 h.
500 _ac.2 Fotocopia
502 _aTesis ( Ing. Agr. Fitotecnista) -- ITESM. División de Ciencias Agropecuarias y Marítimas
590 _aALEPH
_b10
_c20130110
_lUCH01
_h1256
590 _aBATCH-UPD
_b10
_c20130110
_lUCH01
_h0017
590 _aBATCH-UPD
_b10
_c20130110
_lUCH01
_h1851
590 _aBATCH-UPD
_b10
_c20130409
_lUCH01
_h1955
590 _aBATCH-UPD
_b10
_c20130410
_lUCH01
_h1220
590 _aBATCH-UPD
_b10
_c20130914
_lUCH01
_h1733
590 _aCONVERSION
_b10
_c20130109
_lUCH01
_h1318
650 1 4 _aSorgo forrajero.
_9108748
650 1 4 _aSorgo
_xSelección masal.
_9108719
901 _aBK
942 _cFOLL
949 _bBC
_cTES
_d-86872
_eTS1
_i37912
_si
949 _bBC
_cTES
_d-86873
_eTS2
_fc.2
_i37912
_si
999 _c32824
_d32824